| 000 | 01573nam a2200301Ia 4500 | ||
|---|---|---|---|
| 999 |
_c53799 _d53799 |
||
| 001 | 20850 | ||
| 003 | GE_BSU | ||
| 005 | 20210509223439.0 | ||
| 008 | 181216s2012||||ge |||||||||||||| ||geo|| | ||
| 020 | _a9789941197802 ტ.2 | ||
| 040 | _cGE_BSU | ||
| 041 | _ageo | ||
| 080 | _a821.111-31 გ-63 | ||
| 100 |
_aგოლზოურთი, ჯონ _911767 |
||
| 245 |
_aფორსაიტების საგა : ტ. 2. : _bრომანი / _cჯონ გოლზოურთი ; ელგუჯა მაღრაძის, ვახტანგ ჭილაძისა და დათო აკრიანის თარგმანი ; რედ. ელენე სალარიძე. |
||
| 264 |
_aთბილისი : _bპალიტრა L, _c2012. |
||
| 300 |
_a548 გვ. ; _c22 სმ. |
||
| 490 |
_a50 წიგნი, რომელიც უნდა წაიკითხო სანამ ცოცხალი ხარ _vწ. 44 |
||
| 541 | _h8ლ.76თ. | ||
| 653 | _aმხატვრული ლიტერატურა | ||
| 653 | _aრომანი | ||
| 653 | _aფორსაიტების საგა | ||
| 700 |
_aმაღრაძე, ელგუჯა _eმთარგმნელი _911768 |
||
| 700 |
_aჭილაძე, ვახტანგ _eმთარგმნელი _911769 |
||
| 700 |
_aაკრიან, დათო _eმთარგმნელი _911770 |
||
| 700 |
_aსალარიძე, ელენე _eრედაქტორი _95199 |
||
| 942 |
_cBK _2udc |
||